A history of the great war 1914-18 (Record no. 549874)
[ view plain ]
| 000 -LEADER | |
|---|---|
| fixed length control field | 00401nam a22001337a 4500 |
| 082 ## - DEWEY DECIMAL CLASSIFICATION NUMBER | |
| Classification number | 940.4 |
| Author Mark | CRU |
| 100 ## - MAIN ENTRY--PERSONAL NAME | |
| Personal name | Crutwell, C.R.M.F |
| 9 (RLIN) | 46561 |
| 245 ## - TITLE STATEMENT | |
| Title | A history of the great war 1914-18 |
| Statement of responsibility, etc. | Crutwell, C.R.M.F |
| 260 ## - PUBLICATION, DISTRIBUTION, ETC. | |
| Place of publication, distribution, etc. | London |
| Name of publisher, distributor, etc. | Oxford press |
| Date of publication, distribution, etc. | 1936 |
| 300 ## - PHYSICAL DESCRIPTION | |
| Extent | xii, 655 p. |
| Other physical details | ill. |
| Dimensions | 25 cm |
| 526 ## - STUDY PROGRAM INFORMATION NOTE | |
| Program name | 0 |
| Interest level | 0 |
| Reading level | 0 |
| Title point value | 940_400000000000000_CRU |
| 526 ## - STUDY PROGRAM INFORMATION NOTE | |
| Program name | 0 |
| Interest level | 0 |
| Reading level | 0 |
| Title point value | 940_400000000000000_CRU |
| 942 ## - ADDED ENTRY ELEMENTS (KOHA) | |
| Source of classification or shelving scheme | |
| Koha item type | Book |
| Withdrawn status | Lost status | Source of classification or shelving scheme | Damaged status | Not for loan | Permanent Location | Current Location | Date acquired | Total Checkouts | Full call number | Barcode | Date last seen | Price effective from | Koha item type | Shelving location | Public note |
|---|---|---|---|---|---|---|---|---|---|---|---|---|---|---|---|
| Military College of Engineering (MCE) | Military College of Engineering (MCE) | 10/15/2014 | 940.4 CRU | MCE-119 | 10/15/2014 | 10/15/2014 | Book | ||||||||
| Military College of Engineering (MCE) | Military College of Engineering (MCE) | 01/30/2015 | 940.4 CRU | MCE-40388 | 01/30/2015 | 01/30/2015 | Book | Volume -5 |
